Pays de Super Mario Odyssey - Statistiques

Statistiques générales
  • Ce quiz a été pris 732 fois
  • Le résultat moyen est 14 sur 17
Statistiques - réponses
Pays % Correct
Pays de la Lune
92%
Pays des Chapeaux
90%
Pays de la Forêt
89%
Pays de Bowser
87%
Pays du Lac
86%
Pays de la Mer
84%
Pays de la Cuisine
82%
Pays des Nuages
82%
Pays des Gratte-Ciel
81%
Pays Perdu
81%
Royaume Champignon
81%
Pays des Sables
80%
Pays des Chutes
74%
Pays des Neiges
73%
Côté Obscur
67%
Pays des Ruines
67%
Côté très Obscur
64%
Aucun quiz correspondant
Distribution des résultats
% des personnes avec chaque résultat
Percentile par nombre de réponses
Votre historique - résultats
Vous n’avez pas pris ce quiz